कविताई / (Record no. 213247)

MARC details
000 -LEADER
fixed length control field 00705nam a22001817a 4500
005 - DATE AND TIME OF LATEST TRANSACTION
control field 20250902151211.0
010 ## - LCCN (DPL NO)
LC control number HIN-130323
020 ## - INTERNATIONAL STANDARD BOOK NUMBER
Terms of availability 250
International Standard Book Number 9788119057993
035 ## - SYSTEM CONTROL NUMBER
System control number HN-102669
037 ## - SOURCE OF ACQUISITION
Source of stock number/acquisition DBAD
082 ## - DEWEY DECIMAL CLASSIFICATION NUMBER
Classification number 821
100 ## - MAIN ENTRY--PERSONAL NAME
Personal name मोह मोनिका सिंह
245 ## - TITLE STATEMENT
Title कविताई /
Statement of responsibility, etc मोनिका सिंह मोह
Remainder of title काव्य संग्रह
260 ## - PUBLICATION, DISTRIBUTION, ETC. (IMPRINT)
Name of publisher, distributor, etc फ्लोर आई टी पब्लिकेशन
Date of publication, distribution, etc 2024
300 ## - PHYSICAL DESCRIPTION
Extent 78 पृ.;
Dimensions 21 सेमी (अजिल्द)
Other physical details सचित्र
700 ## - ADDED ENTRY--PERSONAL NAME
Personal name मोनिका सिंह मोह
9 (RLIN) 84491
942 ## - ADDED ENTRY ELEMENTS (KOHA)
Source of classification or shelving scheme Dewey Decimal Classification
Item type Hindi Books
Classification part 821
Call number suffix मोह
Holdings
Withdrawn status Lost status Not for loan Collection code Home library Current library Date acquired Source of acquisition Cost, normal purchase price Full call number Barcode Copy number Cost, replacement price Koha item type
    Not For Loan Non-fiction D.B.Act.Division D.B.Act.Division 02/09/2025 DBAD 250.00 821 मोह HN-102669 1 250.00 Hindi Books

© Delhi Public Library
Hit Counter
free hit counter